Представление документа в формате MARC21

Поле Инд. ПП Название Значение
Тип записи a
Библиографический уровень b
001 Контрольный номер RU/IS/BASE/400691639
005 Дата корректировки 20220905145143.3
008 Кодируемые данные 20120911
040 b Код языка каталог. rus
e Правила каталог. PSBO
041 0_ a Код языка текста rus
084 a Индекс другой классификации/Индекс ББК 63.3(4Шва)-7-3; 81.21(4Шва); 81.470*
100 1_ a Автор Нагапетова Р. Р.
q Полное имя Нагапетова Радмила Рандиковна
245 10 a Заглавие Ретороманское движение в Швейцарии в конце XIX - начале XXI вв.
504 a Библиография Лит. в примеч. в конце статьи
520 a Аннотация "Сохранение ретороманского языка и культуры имеет принципиальное значение для Швейцарской Конфедерации как многоязычного и многокультурного государства. Как один из исконных языков Швейцарии ретороманский составляет неотъемлемую часть языкового ландшафта страны."
650 a Основная рубрика внутренняя политика
a Основная рубрика история
a Основная рубрика филологические науки
a Основная рубрика частное языкознание
a Основная рубрика языковая политика
653 1_ a Ключевые слова "Ретороманская Лига"
a Ключевые слова "Ретороманское общество"
a Ключевые слова XIX век
a Ключевые слова XX век
a Ключевые слова XXI век
a Ключевые слова Граубюнден
a Ключевые слова конфессиональные общности
a Ключевые слова культура
a Ключевые слова национальный язык
a Ключевые слова общественные организации
a Ключевые слова письменный язык
a Ключевые слова ретороманские языки
a Ключевые слова ретороманское движение
a Ключевые слова Швейцария
a Ключевые слова Швейцарская Конфедерация
773 0_ t Заглавие источника Вопросы истории
d Дата издания источника 2012
g Прочая информация № 1. - С. 102 - 110
w Контрольный № источника RU/IS/BASE/380652738
901 t Тип документа b